000 00625nam a2200241Ia 4500
003 OSt
005 20221005093902.0
006 a|||||r|||| 00| 0
007 ta
008 221004b |||||||| |||| 00| 0 eng d
024 _a61832
037 _cTextual
040 _aCRL
_cCRL
_beng
041 _2eng
_aeng
082 _aS:4, N2
100 _aAnderson Mike
_9618786
245 0 _aIntelligence and development
_b A cognitive theory
260 _aOxford
_bBlackwell
_c1992
300 _a241p.
_ccm.
650 _aPSYCHOLOGY
942 _hS:4, N2
_cTEXL
_2cc
999 _c1001084
_d1001084